[Event "USCL Dallas vs Carolina"]
[Site "?"]
[Date "2005.09.21"]
[Round "4"]
[White "Samsa, Greg"]
[Black "Copeland, Sam"]
[Result "0-1"]
[WhiteElo "2200"]
[BlackElo "2019"]
[PlyCount "100"]
[EventDate "2015.05.30"]
[SourceDate "2015.05.31"]

1. Nf3 d5 2. g3 e6 3. Bg2 Bd6 4. O-O c6 5. d4 f5 6. c4 Nf6 7. Bf4 Bxf4 8. gxf4
O-O 9. Nbd2 b6 10. e3 Bb7 11. Ne5 Nbd7 12. Rc1 Nxe5 13. fxe5 Ne4 14. Nxe4 dxe4
15. f3 Qg5 16. f4 Qd8 17. Kh1 Rc8 18. b4 c5 19. dxc5 bxc5 20. b5 Qc7 21. Qa4
Rfd8 22. Rc3 Rd3 23. Rfc1 Rcd8 24. Bf1 Rd2 25. R3c2 Rd1 26. Rxd1 Rxd1 27. Rf2
Rd8 28. Kg1 Qb6 29. Qa3 Rd1 30. Qc3 Qd8 31. a4 Qh4 32. a5 Qg4+ 33. Kh1 g5 34.
a6 Ba8 35. b6 axb6 36. Qb3 gxf4 37. Qxb6 fxe3 38. Qxe6+ Kg7 39. Qf6+ Kg8 40.
Rxf5 Qf3+ 41. Rxf3 exf3 42. h4 e2 43. Qg5+ Kh8 44. Qf6+ Kg8 45. Qg5+ Kf8 46.
Qf5+ Ke8 47. Qc8+ Ke7 48. Qxc5+ Ke6 49. Qb6+ Kf5 50. Qf6+ Ke4 0-1

[Event "USCL Baltimore vs Dallas"]
[Site "?"]
[Date "2005.09.28"]
[Round "5"]
[White "Panchanathan, Magesh"]
[Black "Enkhbat, Tegshsuren"]
[Result "1/2-1/2"]
[WhiteElo "2499"]
[BlackElo "2420"]
[PlyCount "136"]
[EventDate "2015.05.30"]
[SourceDate "2015.05.31"]

1. e4 c6 2. d4 d5 3. exd5 cxd5 4. c4 Nf6 5. Nc3 Nc6 6. Nf3 Bg4 7. cxd5 Nxd5 8.
Qb3 Bxf3 9. gxf3 e6 10. Qxb7 Nxd4 11. Bb5+ Nxb5 12. Qc6+ Ke7 13. Qxb5 Qd7 14.
Bg5+ f6 15. Nxd5+ Qxd5 16. Qxd5 exd5 17. Be3 Ke6 18. Rc1 Bb4+ 19. Ke2 Rhc8 20.
Kd3 a6 21. Rhg1 g6 22. h3 Bd6 23. Rge1 Kf5 24. Red1 Rab8 25. Bd4 Bf4 26. Rxc8
Rxc8 27. b3 g5 28. Bb2 Rc6 29. Re1 Be5 30. Rc1 Re6 31. Bxe5 fxe5 32. Rc8 Rh6
33. Rf8+ Ke6 34. Ra8 Kf5 35. Ke2 Rxh3 36. Rxa6 Rh1 37. a4 h5 38. a5 h4 39. Ra8
h3 40. Rh8 h2 41. b4 Rb1 42. Rxh2 Rxb4 43. Rh8 Rb2+ 44. Kf1 e4 45. fxe4+ dxe4
46. a6 Ra2 47. Ra8 Kg6 48. Ke1 Kg7 49. Ra7+ Kg6 50. Kf1 Kh6 51. Ra8 Kg7 52. a7
Kh7 53. Ke1 Kg7 54. Kd1 g4 55. Re8 Rxa7 56. Rxe4 Kf6 57. Rxg4 Ra2 58. Ke1 Kf5
59. Rb4 Rc2 60. Kf1 Ra2 61. Kg2 Rc2 62. Kg3 Rc5 63. Rh4 Rc3+ 64. f3 Ra3 65.
Rh5+ Kg6 66. Rb5 Ra4 67. f4 Ra1 68. Rb2 Kf5 1/2-1/2

[Event "USCL Baltimore vs Dallas"]
[Site "?"]
[Date "2005.09.28"]
[Round "5"]
[White "Kaufman, Larry"]
[Black "Zaremba, Andrei"]
[Result "1/2-1/2"]
[WhiteElo "2368"]
[BlackElo "2354"]
[PlyCount "111"]
[EventDate "2015.05.30"]
[SourceDate "2015.05.31"]

1. e4 c5 2. Nf3 d6 3. d4 cxd4 4. Nxd4 Nf6 5. Nc3 g6 6. Be3 Bg7 7. f3 O-O 8. Qd2
Nc6 9. O-O-O d5 10. Kb1 e5 11. Nxc6 bxc6 12. exd5 cxd5 13. Nxd5 Bf5 14. g4 Nxd5
15. Qxd5 Be6 16. Qxd8 Raxd8 17. Rxd8 Rxd8 18. Be2 a5 19. Rd1 Rb8 20. Ba7 Ra8
21. Bb6 Bf6 22. a4 Rb8 23. Bc7 Rb7 24. Bd8 Kg7 25. Bb5 e4 26. Bxf6+ Kxf6 27.
fxe4 Bxg4 28. Rd5 Re7 29. Bd3 Re5 30. c4 Be6 31. Rb5 Bd7 32. Rb6+ Re6 33. c5
Bc6 34. b4 axb4 35. a5 Ke5 36. Rxb4 Re7 37. a6 g5 38. Kb2 h5 39. Rb6 Rc7 40.
Rb8 Kd4 41. Bc2 Kxc5 42. Rg8 f6 43. Rf8 Ra7 44. Rxf6 Rxa6 45. Rf5+ Kd4 46. e5
Ra5 47. e6 Rxf5 48. Bxf5 Be8 49. e7 Ke5 50. Bc8 Kf6 51. Kc3 Kxe7 52. Kd4 Kf6
53. Ke3 Bc6 54. Kf2 Ke5 55. Kg3 Be4 56. h4 1/2-1/2

[Event "USCL Baltimore vs Dallas"]
[Site "?"]
[Date "2005.09.28"]
[Round "5"]
[White "Suarez, Andres"]
[Black "Rohonyan, Katerina"]
[Result "1/2-1/2"]
[WhiteElo "2106"]
[BlackElo "2175"]
[PlyCount "133"]
[EventDate "2015.05.30"]
[SourceDate "2015.05.31"]

1. d4 Nf6 2. c4 e6 3. Nf3 d5 4. Nc3 c5 5. e3 a6 6. b3 Nc6 7. cxd5 exd5 8. Be2
cxd4 9. Nxd4 Bd6 10. O-O O-O 11. Bb2 Bc7 12. Ba3 Re8 13. Rc1 Ne5 14. Nf3 Neg4
15. Qd4 Be6 16. Rfd1 Rc8 17. Na4 Ne4 18. Bb2 f6 19. Rf1 Qd6 20. g3 Bf7 21. Nc5
Qe7 22. Nxe4 dxe4 23. Ng5 Be5 24. Qxe4 fxg5 25. Rxc8 Rxc8 26. Bxg4 Re8 27. Bxe5
Qxe5 28. Qxe5 Rxe5 29. Rc1 h5 30. Bf3 b5 31. Rc8+ Kh7 32. Rc7 Bg6 33. h3 b4 34.
Rc1 a5 35. Kf1 Bf7 36. Ke2 a4 37. bxa4 Bxa2 38. Rc2 Bf7 39. Rb2 b3 40. Kd2 Ra5
41. Bc6 Rc5 42. Bb5 Kg6 43. Be2 Kf6 44. Bd1 Rd5+ 45. Ke2 Rd8 46. a5 Ra8 47.
Bxb3 Rb8 48. a6 Rxb3 49. Rxb3 Bxb3 50. a7 Bd5 51. Kd3 Ke5 52. f4+ gxf4 53.
exf4+ Kf5 54. Kd4 Bh1 55. Ke3 Bg2 56. Kd4 h4 57. gxh4 Kxf4 58. h5 Ba8 59. Kc5
Kg5 60. Kd6 Kxh5 61. Ke7 Kg6 62. Kf8 Kf6 63. Kg8 g5 64. Kh7 Kf5 65. Kh6 Kf4 66.
Kg6 Bb7 67. Kh5 1/2-1/2

[Event "USCL Carolina vs New York"]
[Site "?"]
[Date "2005.09.28"]
[Round "5"]
[White "Kaminski, Marcin"]
[Black "Bonin, Jay"]
[Result "1-0"]
[WhiteElo "2474"]
[BlackElo "2421"]
[PlyCount "59"]
[EventDate "2015.05.30"]
[SourceDate "2015.05.31"]

1. e4 c5 2. Nf3 Nc6 3. d4 cxd4 4. Nxd4 e5 5. Nb5 d6 6. N1c3 a6 7. Na3 Be6 8.
Nd5 Nf6 9. Nxf6+ Qxf6 10. g3 Qg6 11. Bg2 Bh3 12. Bxh3 Qxe4+ 13. Kd2 Nd4 14. Qg4
Nf3+ 15. Kc3 Qc6+ 16. Qc4 d5 17. Qxc6+ bxc6 18. Bg2 Nd4 19. Re1 f6 20. f4 Rb8
21. Kd3 Bd6 22. fxe5 fxe5 23. Bf4 O-O 24. Bxe5 Bxe5 25. Rxe5 Nf3 26. Bxf3 Rxf3+
27. Ke2 Rbf8 28. Rh1 a5 29. Kd2 a4 30. Rhe1 1-0

[Event "USCL Carolina vs New York"]
[Site "?"]
[Date "2005.09.28"]
[Round "5"]
[White "Braylovsky, Gregory"]
[Black "Milman, Lev"]
[Result "1/2-1/2"]
[WhiteElo "2386"]
[BlackElo "2538"]
[PlyCount "118"]
[EventDate "2015.05.30"]
[SourceDate "2015.05.31"]

1. e4 c5 2. Nf3 d6 3. d4 cxd4 4. Qxd4 Nc6 5. Bb5 Bd7 6. Bxc6 Bxc6 7. Nc3 Nf6 8.
Bg5 e6 9. O-O-O Be7 10. Rhe1 O-O 11. Kb1 Qc7 12. Qd2 b5 13. Bxf6 Bxf6 14. Qxd6
Qb7 15. Nd4 Rac8 16. Qb4 a5 17. Qxa5 b4 18. Ncb5 Ra8 19. Qxb4 Bxd4 20. Rxd4
Bxb5 21. c4 Bc6 22. Qxb7 Bxb7 23. f3 Rfc8 24. b3 Bc6 25. Kb2 Kf8 26. Red1 Ke7
27. a4 g5 28. h3 Be8 29. Kc3 f6 30. Rd6 Bc6 31. c5 h5 32. Kc4 e5 33. R1d2 Rab8
34. Ra2 Be8 35. b4 Bf7+ 36. Rd5 g4 37. hxg4 hxg4 38. b5 Rh8 39. Kb4 gxf3 40.
gxf3 Bxd5 41. exd5 Rh4+ 42. Ka5 Rc4 43. c6 Kd6 44. Ka6 Kc7 45. Ka7 Rd4 46. d6+
Rxd6 47. Rh2 Rdd8 48. Rh7+ Kd6 49. c7 Ra8+ 50. Kb7 Rf8 51. b6 Kc5 52. Rf7 Rfe8
53. Rxf6 Kb4 54. Re6 Rf8 55. Rxe5 Kxa4 56. Rf5 Rh8 57. Rh5 Rhf8 58. Rf5 Rh8 59.
Rh5 Rhf8 1/2-1/2

[Event "USCL Carolina vs New York"]
[Site "?"]
[Date "2005.09.28"]
[Round "5"]
[White "Hoekstra, Matthew"]
[Black "Shahade, Jennifer"]
[Result "0-1"]
[WhiteElo "2395"]
[BlackElo "2318"]
[PlyCount "54"]
[EventDate "2015.05.30"]
[SourceDate "2015.05.31"]

1. d4 Nf6 2. c4 g6 3. g3 Bg7 4. Bg2 c5 5. dxc5 Na6 6. a3 Nxc5 7. b4 Nce4 8. Ra2
O-O 9. Qd3 d5 10. f3 Nd6 11. cxd5 e6 12. e4 exd5 13. e5 Bf5 14. Qb3 Re8 15. Re2
Nb5 16. exf6 Nd4 17. Qd1 Bxf6 18. Nc3 Nxe2 19. Ncxe2 Rc8 20. Kf1 d4 21. Bd2 d3
22. Nf4 Bc3 23. Bxc3 Rxc3 24. Bh3 d2 25. Nge2 Bc2 26. Nxc3 Bxd1 27. Nxd1 Re1+
0-1

[Event "USCL Carolina vs New York"]
[Site "?"]
[Date "2005.09.28"]
[Round "5"]
[White "Eisen, Lewis"]
[Black "Samsa, Greg"]
[Result "1-0"]
[WhiteElo "2327"]
[BlackElo "2200"]
[PlyCount "71"]
[EventDate "2015.05.30"]
[SourceDate "2015.05.31"]

1. e4 Nf6 2. e5 Nd5 3. d4 d6 4. c4 Nb6 5. exd6 cxd6 6. Nc3 g6 7. Be3 Bg7 8. Rc1
O-O 9. b3 e5 10. dxe5 dxe5 11. Qxd8 Rxd8 12. c5 N6d7 13. Bc4 Nc6 14. Nf3 h6 15.
Rd1 Nf8 16. Rxd8 Nxd8 17. O-O Be6 18. Nd5 Nc6 19. Rd1 Rb8 20. Bb5 Bxd5 21. Rxd5
e4 22. Nh4 Ne7 23. Bf4 Rc8 24. Rd1 Rxc5 25. Bc4 Nf5 26. Nxf5 Rxf5 27. Be3 b6
28. Rd8 Re5 29. a4 Re7 30. Kf1 g5 31. Ra8 Bf6 32. a5 bxa5 33. Bc5 Kg7 34. Bxe7
Bxe7 35. Rxa7 Ng6 36. Rxa5 1-0

[Event "USCL Philadelphia vs Miami"]
[Site "?"]
[Date "2005.09.28"]
[Round "5"]
[White "Rogers, Norman"]
[Black "Becerra, Julio"]
[Result "0-1"]
[WhiteElo "2319"]
[BlackElo "2613"]
[PlyCount "96"]
[EventDate "2015.05.30"]
[SourceDate "2015.05.31"]

1. e4 e5 2. Nf3 Nc6 3. Bc4 Nf6 4. d3 Be7 5. O-O O-O 6. c3 d6 7. a4 Be6 8. Nbd2
Qd7 9. a5 a6 10. Re1 h6 11. d4 exd4 12. cxd4 d5 13. exd5 Nxd5 14. Qb3 Rfd8 15.
Ne4 b5 16. axb6 cxb6 17. Ne5 Nxe5 18. dxe5 b5 19. Bf1 Nf4 20. Qg3 Ng6 21. Bf4
Qd4 22. Be3 Qxe4 23. Bb6 Qb4 24. Bxd8 Rxd8 25. Qc3 Qxc3 26. bxc3 b4 27. cxb4
Bxb4 28. Red1 Rxd1 29. Rxd1 a5 30. Rd8+ Nf8 31. Bb5 g5 32. h4 Kg7 33. hxg5 hxg5
34. Rd3 Ng6 35. Rg3 g4 36. Re3 Bc5 37. Rc3 Bd4 38. Ra3 Nxe5 39. Be2 Bb6 40. Kf1
Kf6 41. f3 Nc4 42. Ra4 Ne3+ 43. Kf2 Bb3 44. Rf4+ Kg5 45. Re4 a4 46. f4+ Kf6 47.
Kg3 a3 48. Rb4 Bc5 0-1

[Event "USCL Philadelphia vs Miami"]
[Site "?"]
[Date "2005.09.28"]
[Round "5"]
[White "Bengtson, Matthew"]
[Black "Espino, Miguel"]
[Result "1/2-1/2"]
[WhiteElo "2271"]
[BlackElo "2271"]
[PlyCount "117"]
[EventDate "2015.05.30"]
[SourceDate "2015.05.31"]

1. d4 g6 2. e4 Bg7 3. Nc3 c6 4. Bc4 b5 5. Bb3 d6 6. Qf3 e6 7. Nge2 Ne7 8. O-O
O-O 9. Bg5 e5 10. dxe5 dxe5 11. Rad1 Qc7 12. Qg3 a5 13. Qh4 Ra7 14. a3 Na6 15.
Be3 Rb7 16. a4 b4 17. Nb1 c5 18. Nd2 Rb6 19. Bg5 Nc6 20. c3 bxc3 21. bxc3 c4
22. Bxc4 Nc5 23. Be3 Nxa4 24. Bxb6 Nxb6 25. Ba2 Ba6 26. Rfe1 Na4 27. Nb1 Nc5
28. Nc1 Rb8 29. Rd2 h5 30. Qg3 Kh7 31. Na3 Bh6 32. Rc2 Bxc1 33. Rexc1 Nxe4 34.
Qe3 Nd6 35. Rd1 e4 36. Qc5 Bd3 37. Rcd2 Rd8 38. Bd5 Rc8 39. Nc4 Nxc4 40. Bxc4
Ne5 41. Qxc7 Rxc7 42. Bxd3 Nxd3 43. Ra2 Rxc3 44. Rxa5 Rc2 45. Rf1 f5 46. Ra8 h4
47. h3 Kh6 48. Re8 Kg5 49. f3 exf3 50. Rxf3 Nf4 51. Rf2 Rc1+ 52. Rf1 Rc2 53.
Rf2 Rc1+ 54. Kh2 Nh5 55. Rfe2 Ng3 56. Re1 Rc2 57. R8e3 Rb2 58. Re6 Rc2 59. R6e3
1/2-1/2

[Event "USCL Philadelphia vs Miami"]
[Site "?"]
[Date "2005.09.28"]
[Round "5"]
[White "Torres, Javier"]
[Black "Wilson, Elvin"]
[Result "0-1"]
[WhiteElo "2218"]
[BlackElo "2240"]
[PlyCount "86"]
[EventDate "2015.05.30"]
[SourceDate "2015.05.31"]

1. d4 d5 2. c4 c6 3. Nf3 Nf6 4. Nc3 dxc4 5. a4 Bf5 6. Ne5 Nbd7 7. Nxc4 Nb6 8.
Ne5 a5 9. Bg5 h6 10. Bh4 Bh7 11. f3 Nfd7 12. Qb3 Nxe5 13. dxe5 Qc7 14. e4 e6
15. Nb5 cxb5 16. Bxb5+ Nd7 17. Rd1 Bb4+ 18. Ke2 O-O 19. Rxd7 Qxe5 20. Bg3 Qg5
21. Qe3 Qf6 22. Qd4 Qg5 23. Qe5 Qg6 24. Rc1 Rad8 25. Rcc7 Rxd7 26. Bxd7 Kh8 27.
Rxb7 f5 28. Qxe6 Qg5 29. Rxb4 axb4 30. Qd6 Rd8 31. e5 f4 32. Bf2 Rxd7 33. Qxd7
Qxe5+ 34. Kf1 Qxb2 35. g3 Qb1+ 36. Kg2 Bf5 37. Qc7 Bd3 38. gxf4 Bf1+ 39. Kg3
Qg6+ 40. Kh4 Qf6+ 41. Kg3 Qg6+ 42. Kh4 Qf5 43. Qd8+ Kh7 0-1

[Event "USCL Boston vs San Francisco"]
[Site "?"]
[Date "2005.09.28"]
[Round "5"]
[White "Perelshteyn, Eugene"]
[Black "Donaldson, John"]
[Result "1-0"]
[WhiteElo "2576"]
[BlackElo "2461"]
[PlyCount "67"]
[EventDate "2015.05.30"]
[SourceDate "2015.05.31"]

1. e4 c5 2. Nf3 Nc6 3. d4 cxd4 4. Nxd4 g6 5. c4 Bg7 6. Be3 Nf6 7. Nc3 O-O 8.
Be2 d6 9. O-O Nxd4 10. Bxd4 Bd7 11. Qd2 Bc6 12. f3 a5 13. Rab1 Nd7 14. Be3 Nc5
15. b3 Qb6 16. Rfc1 Rfc8 17. Rc2 Qd8 18. Bf1 Qf8 19. a3 h5 20. b4 axb4 21. axb4
Ne6 22. b5 Bd7 23. Nd5 Ra3 24. Bf2 Rd8 25. Nb6 Be8 26. Qc1 Ra5 27. Qd2 Ra3 28.
Rd1 Rb8 29. Ra2 Rb3 30. Nd5 Rc8 31. f4 Nc7 32. Nb6 Rb8 33. e5 Nxb5 34. cxb5 1-0

[Event "USCL Boston vs San Francisco"]
[Site "?"]
[Date "2005.09.28"]
[Round "5"]
[White "Riordan, Charles"]
[Black "Pruess, David"]
[Result "1/2-1/2"]
[WhiteElo "2283"]
[BlackElo "2429"]
[PlyCount "187"]
[EventDate "2015.05.30"]
[SourceDate "2015.05.31"]

1. c4 e6 2. d4 d5 3. Nf3 c6 4. Nc3 Nf6 5. Qd3 dxc4 6. Qxc4 b5 7. Qb3 Nbd7 8. g3
b4 9. Na4 c5 10. Nxc5 Nxc5 11. dxc5 Bxc5 12. Bg2 Bb7 13. Qa4+ Nd7 14. O-O O-O
15. Bg5 f6 16. Rad1 Nb6 17. Qb5 Qe7 18. Bc1 a5 19. Nd4 Ba6 20. Qc6 Bc4 21. b3
Rac8 22. Qe4 Bd5 23. Qb1 Rfd8 24. e4 Bb7 25. Be3 Nd7 26. Bh3 Nf8 27. Rd2 Rd7
28. Rfd1 Rcd8 29. Bg2 g6 30. Qc1 Rc8 31. Qb2 e5 32. Nc2 Rxd2 33. Rxd2 Ne6 34.
h3 Rc7 35. Qb1 Bxe3 36. Nxe3 Nd4 37. Nc2 Nb5 38. Ne3 Rc5 39. Nc4 Nd4 40. Qd1
Ba6 41. Bf1 Bb7 42. Bg2 Kg7 43. f4 Ba6 44. fxe5 fxe5 45. Rxd4 exd4 46. Qxd4+
Kg8 47. Ne3 Rc8 48. Qd5+ Kh8 49. Qxa5 Qc5 50. Qxc5 Rxc5 51. Nd5 Rc1+ 52. Kh2
Bb7 53. Nxb4 Re1 54. Nd3 Re2 55. Nc5 Bc6 56. a4 Rc2 57. b4 Rc4 58. b5 Rxc5 59.
bxc6 Rxc6 60. Bf1 Rc2+ 61. Kg1 Ra2 62. Bb5 Kg7 63. e5 g5 64. h4 gxh4 65. gxh4
Ra3 66. Kf2 Kf7 67. Bd7 Ke7 68. Bb5 Ke6 69. Ke2 Kxe5 70. h5 Kf4 71. Kd2 Kg5 72.
Be8 Rf3 73. Bb5 Ra3 74. Be8 Rb3 75. Kc2 Rb8 76. Bf7 Rf8 77. Bd5 Kxh5 78. Kc3
Kg4 79. a5 Rf1 80. a6 Ra1 81. Bb7 Kf4 82. Kd4 Ra5 83. Kc4 Ke5 84. Kb4 Ra1 85.
Kc5 h5 86. Kc6 h4 87. Kb6 Kd6 88. a7 Rb1+ 89. Ka6 Ra1+ 90. Kb6 Rb1+ 91. Ka6 Kc5
92. Be4 Ra1+ 93. Kb7 Kd4 94. Bf3 1/2-1/2

[Event "USCL Boston vs San Francisco"]
[Site "?"]
[Date "2005.09.28"]
[Round "5"]
[White "Lee, Andy"]
[Black "Krasik, Ilya"]
[Result "1-0"]
[WhiteElo "2270"]
[BlackElo "2153"]
[PlyCount "85"]
[EventDate "2015.05.30"]
[SourceDate "2015.05.31"]

1. d4 Nf6 2. c4 g6 3. Nc3 Bg7 4. e4 d6 5. Be2 O-O 6. Nf3 Bg4 7. h3 Bxf3 8. Bxf3
Nc6 9. d5 Ne5 10. Be2 c6 11. O-O Rc8 12. b3 Ned7 13. Bd2 Nc5 14. Qc2 e6 15.
dxc6 Rxc6 16. b4 Ncd7 17. Be3 a6 18. Rad1 Qc8 19. f4 b5 20. a4 Rxc4 21. Bxc4
Qxc4 22. Rd4 Qc6 23. axb5 axb5 24. Qd3 Rc8 25. Nxb5 Rb8 26. Na7 Qc7 27. Rxd6
Nd5 28. Rxd7 Qxd7 29. exd5 Rxb4 30. Nc6 Rb2 31. Rd1 Bf6 32. Ne5 Bxe5 33. fxe5
Qb7 34. Rd2 Rxd2 35. Qxd2 exd5 36. Qd4 h5 37. Kh2 Qb3 38. Bg5 Qa2 39. Qc5 Kh7
40. e6 d4 41. e7 Qe6 42. Qxd4 Qe1 43. Qe3 1-0

[Event "USCL Dallas vs New York"]
[Site "?"]
[Date "2005.10.05"]
[Round "6"]
[White "Ramirez, Alejandro"]
[Black "Stripunsky, Alex"]
[Result "0-1"]
[WhiteElo "2565"]
[BlackElo "2642"]
[PlyCount "93"]
[EventDate "2015.05.30"]
[SourceDate "2015.05.31"]

1. d4 d5 2. c4 c6 3. Nf3 Nf6 4. e3 e6 5. Nbd2 c5 6. cxd5 exd5 7. Bd3 Nc6 8.
dxc5 Bxc5 9. a3 Bd6 10. h3 O-O 11. O-O a5 12. b3 Re8 13. Qc2 Qe7 14. Bb2 Ne4
15. Bb5 Bd7 16. Bxc6 bxc6 17. Nxe4 Qxe4 18. Qxe4 Rxe4 19. Rfc1 c5 20. a4 Ree8
21. Ba3 Rec8 22. Rc3 Rc7 23. Rd3 Be6 24. Nd4 Be5 25. Nb5 c4 26. Rdd1 Rcc8 27.
Rab1 Bf5 28. Rbc1 cxb3 29. Rxc8+ Rxc8 30. Rxd5 f6 31. Nd4 Bxd4 32. exd4 Bd3 33.
Rc5 Rxc5 34. dxc5 Kf7 35. f3 Ke6 36. Kf2 Kd5 37. Ke3 Bf1 38. Kf2 Ba6 39. Ke3
Kc4 40. Kd2 Bb7 41. c6 Bxc6 42. Bf8 Bxa4 43. Kc1 Kc3 44. Ba3 Bb5 45. h4 a4 46.
h5 Bf1 47. g4 0-1

[Event "USCL Dallas vs New York"]
[Site "?"]
[Date "2005.10.05"]
[Round "6"]
[White "Krush, Irina"]
[Black "Panchanathan, Magesh"]
[Result "1/2-1/2"]
[WhiteElo "2443"]
[BlackElo "2499"]
[PlyCount "88"]
[EventDate "2015.05.30"]
[SourceDate "2015.05.31"]

1. d4 Nf6 2. c4 e6 3. Nc3 Bb4 4. Qc2 O-O 5. a3 Bxc3+ 6. Qxc3 b6 7. Bg5 Bb7 8.
e3 d6 9. f3 Nbd7 10. Bd3 c5 11. Ne2 Rc8 12. O-O cxd4 13. Qxd4 h6 14. Bh4 Ne5
15. b4 Qc7 16. Rac1 Nfd7 17. Be7 Nc6 18. Qxd6 Nxe7 19. Qxe7 Ne5 20. Qxc7 Rxc7
21. Rfd1 Rfc8 22. Nd4 Ba6 23. b5 Bb7 24. Kf2 Kf8 25. Ke2 Bd5 26. e4 Nxd3 27.
Kxd3 Rxc4 28. Ne2 Rxc1 29. Rxc1 Rxc1 30. Nxc1 Bb7 31. Kd4 Ke7 32. g3 f6 33. f4
a6 34. a4 axb5 35. axb5 Bc8 36. Ne2 Kd6 37. e5+ Kd7 38. Nc3 Bb7 39. Ne4 Bxe4
40. Kxe4 Ke7 41. g4 g6 42. exf6+ Kxf6 43. h4 h5 44. g5+ Kf7 1/2-1/2

[Event "USCL Dallas vs New York"]
[Site "?"]
[Date "2005.10.05"]
[Round "6"]
[White "Vavrak, Peter"]
[Black "Bonin, Jay"]
[Result "1/2-1/2"]
[WhiteElo "2461"]
[BlackElo "2379"]
[PlyCount "82"]
[EventDate "2015.05.30"]
[SourceDate "2015.05.31"]

1. d4 e6 2. c4 c5 3. d5 exd5 4. cxd5 d6 5. Nc3 g6 6. e4 a6 7. a4 Bg7 8. Be2 Qe7
9. Nf3 Bg4 10. O-O Bxf3 11. Bxf3 Nd7 12. a5 Ngf6 13. Rb1 O-O 14. Bg5 Rfe8 15.
Re1 Qf8 16. Na4 Rac8 17. Qb3 Rc7 18. Nb6 Ne5 19. Nc4 Nxc4 20. Qxc4 Nd7 21. Qc2
c4 22. Bd2 Bd4 23. Be2 Qg7 24. Bc3 Bxc3 25. bxc3 Nf6 26. f3 Qh6 27. Bf1 Qg5 28.
Qc1 Qxc1 29. Rexc1 Nd7 30. Rb4 Ne5 31. Kf2 f5 32. exf5 gxf5 33. Rcb1 Nd3+ 34.
Bxd3 cxd3 35. Re1 Rxe1 36. Kxe1 Rxc3 37. Rxb7 Rc5 38. Rb6 Rxa5 39. Rxd6 Ra2 40.
h4 Rxg2 41. Rxa6 Kf7 1/2-1/2

[Event "USCL Dallas vs New York"]
[Site "?"]
[Date "2005.10.05"]
[Round "6"]
[White "Rosenberg, Evan"]
[Black "Copeland, Sam"]
[Result "1-0"]
[WhiteElo "2123"]
[BlackElo "2019"]
[PlyCount "97"]
[EventDate "2015.05.30"]
[SourceDate "2015.05.31"]

1. d4 e6 2. e4 d5 3. Nd2 Nf6 4. e5 Nfd7 5. Bd3 c5 6. c3 Nc6 7. Ne2 cxd4 8. cxd4
f6 9. exf6 Nxf6 10. Nf3 Bd6 11. O-O O-O 12. Bf4 Bxf4 13. Nxf4 Ne4 14. Qc1 Ng5
15. Nxg5 Qxg5 16. Bxh7+ Kxh7 17. Nxe6 Qxc1 18. Nxf8+ Kg8 19. Raxc1 Kxf8 20.
Rfe1 Kf7 21. b4 Nxd4 22. Rc7+ Kf8 23. Rce7 Ne6 24. R7xe6 Bxe6 25. Rxe6 Rc8 26.
g3 Rc2 27. Rd6 Rxa2 28. Rxd5 Rb2 29. Rb5 b6 30. Rf5+ Ke7 31. b5 Ke6 32. Rg5 Kf6
33. h4 Rd2 34. Kg2 Rd3 35. f4 Rb3 36. Re5 Rc3 37. g4 Rb3 38. h5 Rc3 39. g5+ Kf7
40. f5 Rb3 41. Rd5 Ke7 42. h6 gxh6 43. gxh6 Kf6 44. h7 Kg7 45. Rd7+ Kh8 46. f6
Rxb5 47. f7 Rg5+ 48. Kh3 Rf5 49. Rd8+ 1-0

[Event "USCL Miami vs Boston"]
[Site "?"]
[Date "2005.10.05"]
[Round "6"]
[White "Kelleher, William"]
[Black "Martinez, Marcel"]
[Result "1/2-1/2"]
[WhiteElo "2386"]
[BlackElo "2451"]
[PlyCount "53"]
[EventDate "2015.05.30"]
[SourceDate "2015.05.31"]

1. e4 e5 2. Nf3 Nc6 3. Bb5 Nd4 4. Nxd4 exd4 5. O-O g6 6. d3 Bg7 7. Qf3 Qf6 8.
Qxf6 Nxf6 9. Bf4 c6 10. Bc4 d5 11. exd5 Nxd5 12. Re1+ Be6 13. Bxd5 cxd5 14. c3
Kd7 15. cxd4 Rhc8 16. Nc3 Bxd4 17. Be5 Bxe5 18. Rxe5 d4 19. Nb5 Rc2 20. b3 Rac8
21. Ree1 Rd2 22. Nxd4 Bd5 23. Red1 Rb2 24. Rdb1 Rd2 25. Rd1 Rb2 26. Rdb1 Rd2
27. Rd1 1/2-1/2

[Event "USCL Miami vs Boston"]
[Site "?"]
[Date "2005.10.05"]
[Round "6"]
[White "Espino, Miguel"]
[Black "MacIntyre, Paul"]
[Result "1-0"]
[WhiteElo "2271"]
[BlackElo "2315"]
[PlyCount "65"]
[EventDate "2015.05.30"]
[SourceDate "2015.05.31"]

1. c4 Nf6 2. Nc3 g6 3. Nf3 Bg7 4. e3 O-O 5. Be2 d6 6. O-O Nbd7 7. d4 e5 8. dxe5
dxe5 9. b3 c6 10. Ba3 Re8 11. Qc2 e4 12. Nd2 Qc7 13. Rfd1 c5 14. Bb2 a6 15. h3
b6 16. Nf1 Bb7 17. Rd2 h5 18. Rad1 Rad8 19. Ng3 h4 20. Nf1 Ne5 21. Nh2 Qe7 22.
Na4 Nd3 23. Bxf6 Qxf6 24. Bxd3 exd3 25. Rxd3 Rxd3 26. Qxd3 Qg5 27. Ng4 f5 28.
Qd7 Qe7 29. Qxe7 Rxe7 30. Nh2 Re6 31. Rd8+ Kh7 32. Nf3 Bc6 33. Ng5+ 1-0

[Event "USCL Miami vs Boston"]
[Site "?"]
[Date "2005.10.05"]
[Round "6"]
[White "Riordan, Charles"]
[Black "Diaz, Jorge"]
[Result "1/2-1/2"]
[WhiteElo "2283"]
[BlackElo "2158"]
[PlyCount "85"]
[EventDate "2015.05.30"]
[SourceDate "2015.05.31"]

1. Nf3 g6 2. d4 Bg7 3. c4 c5 4. d5 d6 5. Nc3 Bxc3+ 6. bxc3 f5 7. h4 Qa5 8. Qc2
Nf6 9. Bg5 Nbd7 10. Rd1 Ne4 11. h5 gxh5 12. Bd2 Ndf6 13. Ng5 Bd7 14. Nxe4 Nxe4
15. Rb1 O-O-O 16. Rxh5 Rdf8 17. g3 Rf7 18. Bg2 Rhf8 19. Rh4 b6 20. Rb2 Qa3 21.
Bh6 Rg8 22. Bxe4 fxe4 23. Qb3 Qxb3 24. axb3 Bf5 25. Ra2 Kb7 26. Be3 Bg6 27. Kd2
Rc8 28. Bf4 a6 29. Rh1 Rff8 30. Ke3 Rc7 31. Rha1 Ra8 32. g4 a5 33. Bg5 Kc8 34.
b4 cxb4 35. cxb4 Rca7 36. Kd4 Kd7 37. Bd2 a4 38. Be3 Kc7 39. Kc3 Kb7 40. c5
dxc5 41. bxc5 bxc5 42. Bxc5 Ra5 43. Kd4 1/2-1/2

[Event "USCL San Francisco vs Baltimore"]
[Site "?"]
[Date "2005.10.05"]
[Round "6"]
[White "Enkbhat, Tegshsuren"]
[Black "Zilberstein, Dmitry"]
[Result "1-0"]
[WhiteElo "2420"]
[BlackElo "2425"]
[PlyCount "127"]
[EventDate "2015.05.30"]
[SourceDate "2015.05.31"]

1. d4 Nf6 2. Nf3 g6 3. c4 Bg7 4. Nc3 d5 5. Qa4+ c6 6. Bf4 O-O 7. e3 dxc4 8.
Qxc4 Be6 9. Qb4 b5 10. Bxb8 Rxb8 11. Ne5 Qb6 12. Be2 Rfc8 13. Nd3 Bc4 14. Na4
bxa4 15. Qxc4 c5 16. dxc5 Qa5+ 17. Kf1 Nd7 18. Bg4 e6 19. Rc1 Bxb2 20. Rc2 Bg7
21. Ke2 Nb6 22. Qb4 Qa6 23. Rhc1 Rd8 24. Rd2 Nd5 25. Qc4 Qxc4 26. Rxc4 Nc3+ 27.
Rxc3 Bxc3 28. Rc2 Bf6 29. c6 Rdc8 30. Bf3 Rb6 31. Rc4 a3 32. Kd2 Be7 33. Rd4 a5
34. Rd7 Bb4+ 35. Kd1 Rbxc6 36. Bxc6 Rxc6 37. Ne5 Rd6+ 38. Rxd6 Bxd6 39. Nc4 Bb4
40. Kc2 Kf8 41. Kb3 Ke7 42. Ka4 h5 43. Nxa5 Be1 44. f3 Kd6 45. Nc4+ Kd5 46.
Nxa3 Bd2 47. e4+ Kd4 48. Kb5 f5 49. exf5 gxf5 50. Nc4 Bc3 51. a4 e5 52. Nd6 f4
53. Ne4 Be1 54. a5 Bxa5 55. Kxa5 Ke3 56. Kb5 Ke2 57. Kc5 Kf1 58. Kd5 Kxg2 59.
Ng5 Kxh2 60. Kxe5 Kg3 61. Kf5 Kh4 62. Ne6 Kg3 63. Ke4 h4 64. Nxf4 1-0

[Event "USCL San Francisco vs Baltimore"]
[Site "?"]
[Date "2005.10.05"]
[Round "6"]
[White "Pruess, David"]
[Black "Lopez, Bruci"]
[Result "1/2-1/2"]
[WhiteElo "2429"]
[BlackElo "2424"]
[PlyCount "55"]
[EventDate "2015.05.30"]
[SourceDate "2015.05.31"]

1. e4 e5 2. Nf3 Nc6 3. Bb5 d6 4. d4 Bd7 5. d5 Nb8 6. Bxd7+ Nxd7 7. c4 Ne7 8.
Nc3 g6 9. h4 Bg7 10. h5 h6 11. g4 Nf6 12. Nh4 Qd7 13. hxg6 fxg6 14. f3 Nh7 15.
Qe2 Bf6 16. Be3 b6 17. O-O-O O-O-O 18. c5 dxc5 19. Nxg6 Nxg6 20. Qa6+ Kb8 21.
Nb5 c6 22. dxc6 Qxc6 23. Qxa7+ Kc8 24. Qa4 Kb7 25. Qa7+ Kc8 26. Qa4 Kb8 27.
Qa7+ Kc8 28. Qa4 1/2-1/2